Media: bashed from outside and flawed from within (Record no. 79111)

000 -LEADER
fixed length control field 00816pab a2200169 454500
008 - FIXED-LENGTH DATA ELEMENTS--GENERAL INFORMATION
fixed length control field 180718b2008 xxu||||| |||| 00| 0 eng d
100 ## - MAIN ENTRY--PERSONAL NAME
Personal name Banerjee, Sumanta
245 ## - TITLE STATEMENT
Title Media: bashed from outside and flawed from within
260 ## - PUBLICATION, DISTRIBUTION, ETC.
Date of publication, distribution, etc. 2008
300 ## - PHYSICAL DESCRIPTION
Extent p.10-12.
362 ## - DATES OF PUBLICATION AND/OR SEQUENTIAL DESIGNATION
Dates of publication and/or sequential designation 2 Aug
520 ## - SUMMARY, ETC.
Summary, etc. The "vibrant" Indian media is under siege on al sides. Powerful politicians use mobs to browbeat independent outlets; the state manipulates the media to plant information through journalists innocent of the basic norms of reporting and media owners prioritise their commercial interests over everything else. A number of examples in recent months from around the country highlight the ugly trends. - Reproduced.
650 ## - SUBJECT ADDED ENTRY--TOPICAL TERM
Topical term or geographic name entry element Mass media
773 ## - HOST ITEM ENTRY
Main entry heading Economic and Political Weekly
908 ## - PUT COMMAND PARAMETER (RLIN)
Put command parameter N
909 ## -
-- 79111
Holdings
Withdrawn status Lost status Damaged status Not for loan Permanent Location Current Location Date acquired Serial Enumeration / chronology Barcode Date last seen Price effective from Koha item type
        Indian Institute of Public Administration Indian Institute of Public Administration 2018-07-19 Volume no: 43, Issue no: 31 AR79571 2018-07-19 2018-07-19 Articles

Powered by Koha